000 00794nam a22001577a 4500
008 110306t xxu||||| |||| 00| 0 eng d
082 _a328.348
_bز ه ي
100 _922396
_aالزهيري ، عبد الناصر
245 _aصراع الحصانة :
_bقضايا تتفجر ... حقائق تتضح ... ثوابت تنهار /
_cعبد الناصر الزهيري
260 _a[القاهرة] :
_bالمؤلف ،2000
_c2000
300 _a221 ص :
_bصور ؛
_c22 سم
650 _922397
_aالهيئات التشريعية
_xالامتيازات والحصانة
650 _922398
_aالحصانة البرلمانية
942 _2ddc
_cBB
999 _c14973
_d14973